000 00336nam a2200133Ia 4500
008 240624s9999 xx 000 0 und d
041 _aeng
082 _a338.5027658 TRU
100 _aTRUETT LILA J
245 _aMANAGERIAL ECONOMICS ANALYSIS PROBLEMS A
260 _c2004
_aSingapore
_bJohn Wiley
300 _axxvi, : 742
365 _cRS
999 _c1376
_d1376